000 00691naa a2200229 i 4500
001 38107
003 ES-MaBCM
005 20241016104102.0
008 951219s1995 nor 000 0 eng d
021 _axx
035 _a(OCoLC)1365187585
040 _cES-MaBCM
041 0 _aeng
043 _anor
100 1 _aUhlin, Anders
_947176
245 1 4 _aThe struggle for democracy in Indonesia
_b: an actor-structure approach
_cAnders Uhlin
650 2 7 _aDemocracia
_958263
651 2 0 _aIndonesia
_9117009
650 2 7 _aSituación política
_960283
773 0 _aEn:
_tScandinavian political studies
_dOslo : 1995
_w104629
_gvol. 18, no. 3, Sept., p. 133-158. - Loc. S.366
942 _cAREV
999 _c38107
_d38107